Fungovanie menového systému Currency board v Argentíne
Všeobecné vymedzenie pojmu Currency board. Currency board v Argentíne. Analýza stavu ekonomiky pred zavedením currency board. Zavedenie currency board. Pád currency board v Argentíne. Dôsledky currency board na ekonomiku.
Saved in:
| Main Author: | |
|---|---|
| Format: | Book Chapter |
| Language: | Slovak |
| Subjects: | |
| Tags: |
No Tags, Be the first to tag this record!
|
MARC
| LEADER | 00000nla$a2200000$$$4500 | ||
|---|---|---|---|
| 001 | 0125550 | ||
| 005 | 20240502072430.9 | ||
| 041 | 0 | |a slo | |
| 044 | |a SK | ||
| 245 | 1 | 0 | |a Fungovanie menového systému Currency board v Argentíne |c Ivana Lennerová |
| 520 | |a Všeobecné vymedzenie pojmu Currency board. Currency board v Argentíne. Analýza stavu ekonomiky pred zavedením currency board. Zavedenie currency board. Pád currency board v Argentíne. Dôsledky currency board na ekonomiku. | ||
| 610 | 2 | 0 | |a systém menový medzinárodný |
| 610 | 2 | 0 | |a politika menová |
| 610 | 2 | 0 | |a Argentína |
| 610 | 2 | 0 | |a kurz výmenný |
| 610 | 2 | 0 | |a vývoj hospodársky |
| 610 | 2 | 0 | |a pojmy |
| 100 | 1 | |a Lennerová, Ivana, 1979- | |